North Carolina... or South Carolina? - Statistics

General Stats
  • This quiz has been taken 10,548 times
  • The average score is 14 of 16
Answer Stats
Question Answer % Correct
Borders the state of Virginia North Carolina
98%
Its largest city is Charleston South Carolina
94%
Has a population greater than 10 million people North Carolina
93%
Was the site of the Wright Brothers' first flight North Carolina
93%
Has a palmetto tree on its state flag South Carolina
93%
Is home to a major professional sports team North Carolina
92%
Is home to Duke University North Carolina
92%
Where Myrtle Beach is located South Carolina
92%
Is home to the Gullah, an African-American coastal culture with its own creole language South Carolina
90%
Was the location of Roanoke, the first attempted English settlement in North America North Carolina
87%
Has territory in the Smoky Mountains North Carolina
87%
Was the first state to secede during the Civil War South Carolina
86%
Its citizens are known as "Tar Heels" North Carolina
84%
Where Cape Fear is located North Carolina
77%
Its capital was named for an English knight North Carolina
77%
Produces more tobacco than any other state North Carolina
61%
No matching quizzes found
Score Distribution
Percent of People with Each Score
Percentile by Number Answered
Your Score History
You have not taken this quiz